Rosa Luxemburgo y la socialdemocracia alemana / (Record no. 73615)

MARC details
000 -LEADER
campo de control de longitud fija 00906nam a2200253 i 4500
001 - NÚMERO DE CONTROL
campo de control 73615
003 - IDENTIFICADOR DE NÚMERO DE CONTROL
campo de control ES-MaACL
005 - FECHA Y HORA DE LA ÚLTIMA TRANSACCIÓN
campo de control 20251111131008.0
007 - CAMPO FIJO DE DESCRIPCIÓN FÍSICA--INFORMACIÓN GENERAL
campo de control de longitud fija t|
008 - DATOS DE LONGITUD FIJA--INFORMACIÓN GENERAL
campo de control de longitud fija 040909s1975 sp ||||1| spa d
020 ## - NÚMERO INTERNACIONAL ESTÁNDAR DEL LIBRO
Número Internacional Estándar del Libro 84-229-9412-7
100 1# - ENTRADA PRINCIPAL--NOMBRE DE PERSONA
Nombre de persona Gómez Llorente, Luis.
9 (RLIN) 58013
245 10 - MENCIÓN DEL TÍTULO
Título Rosa Luxemburgo y la socialdemocracia alemana /
Mención de responsabilidad, etc. Luis Gómez Llorente ; epílogo de Mercedes Gutiérrez Sánchez.
260 ## - PUBLICACIÓN, DISTRIBUCIÓN, ETC.
Lugar de publicación, distribución, etc. Madrid :
Nombre del editor, distribuidor, etc. Cuadernos para el Diálogo,
Fecha de publicación, distribución, etc. 1975.
300 ## - DESCRIPCIÓN FÍSICA
Extensión 215 p. ;
Dimensiones 19 cm.
490 1# - MENCIÓN DE SERIE
Mención de serie Ediciones de bolsillo. Historia ;
Designación de volumen o secuencia 412
600 14 - PUNTO DE ACCESO ADICIONAL DE MATERIA--NOMBRE DE PERSONA
Nombre de persona Luxemburg, Rosa,
Fechas asociadas al nombre 1870-1919
9 (RLIN) 74894
610 24 - PUNTO DE ACCESO ADICIONAL DE MATERIA--NOMBRE DE ENTIDAD CORPORATIVA
Nombre de entidad corporativa o nombre de jurisdicción como elemento de entrada Sozialdemokratische Partei Deutschlands.
9 (RLIN) 6882
700 1# - ENTRADA AGREGADA--NOMBRE PERSONAL
Nombre de persona Gutiérrez Sánchez, Mercedes.
9 (RLIN) 61222
710 2# - ENTRADA AGREGADA--NOMBRE DE ENTIDAD CORPORATIVA
Nombre de entidad corporativa o nombre de jurisdicción como elemento de entrada Cuadernos para el Diálogo.
9 (RLIN) 3333
830 10 - PUNTO DE ACCESO ADICIONAL DE SERIE-TÍTULO UNIFORME
Título uniforme Ediciones de bolsillo.
Nombre de parte o sección de la obra Historia
Designación de volumen o secuencia 412
9 (RLIN) 181166
852 ## - LOCALIZACIÓN
Ubicación ES-MaACL
Número de control de estantería E-7908
Holdings
Estatus retirado Estado de pérdida Estado de daño No para préstamo Biblioteca de origen Biblioteca actual Ubicación en estantería Fecha de adquisición Fuente de adquisición Total de préstamos Signatura topográfica completa Código de barras Visto por última vez Precio de reemplazo Tipo de ítem Koha
        Biblioteca del Ateneo de Madrid Biblioteca del Ateneo de Madrid Depósito 2 17/01/2008     E-7908 1077051 23/02/2023 23/02/2023 Libro impreso